000 00872nam a2200265 i 4500
001 29017
003 ES-MaACL
005 20230906153951.0
007 t|
008 030120s1860 fr ||||1| fre d
100 1 _aBalzac, Honoré de,
_d1799-1850
_925139
245 1 0 _aEtudes philosophiques
_b: Les marana ; Adieu ; Le requisitionnaire ; El verdugo ; Un drame abourd de la mer ; L'auberger rouge ; L'élixir de longue vie ; Maitre Cornelius.
260 _aParís :
_bLib. Nouvelle,
_c1860 (
_fA. Bourdillia et Cie.)
300 _a312 p. ;
_c17 cm.
740 4 _aLes marana.
740 0 _aAdieu.
740 3 _aLe requisitionnaire.
740 3 _aEl verdugo.
740 0 _aUn drame aubord de la mer.
740 2 _aL'auberge rouge.
740 2 _aL'élixir de longue vie.
740 0 _aMaitre Cornelius.
852 _aES-MaACL
_jG-13568
999 _c29017
_d29017